| 000 | 00351nam a22001457a 4500 | ||
|---|---|---|---|
| 008 | 210322b ||||| |||| 00| 0 eng d | ||
| 020 | _a9780781780209 | ||
| 041 | _aeng | ||
| 080 | _a611 | ||
| 082 | _a611 | ||
| 100 | _a6 | ||
| 101 | _aANA | ||
| 245 |
_aHuman Form, Human Function Essentials of Anatomy & Physiology _cHull, K. L |
||
| 942 |
_2udc _cBK |
||
| 999 |
_c56656 _d56656 |
||